[Event "13th EICC"]
[Site "Plovdiv BUL"]
[Date "2012.03.22"]
[Round "3.45"]
[White "Pridorozhni,A"]
[Black "Nisipeanu,LD"]
[Result "1/2-1/2"]
[WhiteElo "2524"]
[BlackElo "2643"]

1.e4 c5 2.Nf3 e6 3.c4 Nc6 4.Be2 g5 5.O-O Bg7 6.Nc3 d6 7.d3 h6 8.Ne1 f5 9.exf5 exf5
10.Bh5+ Kf8 11.Bf3 Nd4 12.Nc2 Nxf3+ 13.Qxf3 Bxc3 14.bxc3 Nf6 15.d4 Kf7 16.Re1 Rb8
17.dxc5 dxc5 18.Ba3 Qa5 19.Re5 Qa4 20.Qd3 b6 21.Rae1 Bd7 22.Bc1 Rbd8 23.h4 Bc8
24.Qe2 Kg6 25.Ne3 Rhe8 26.Nd5 Rxe5 27.Qxe5 Nxd5 28.cxd5 Qxh4 29.Qc7 Rg8 30.Qc6+ Kh5
31.d6 Qc4 32.d7 Qxc3 33.Re3 Bxd7 34.Qxd7 Qxc1+ 35.Kh2 Qc4 36.Kg1 Qc1+ 37.Kh2 Qc4
38.Kg1 Qc1+ 39.Kh2  1/2-1/2

[Event "13th EICC"]
[Site "Plovdiv BUL"]
[Date "2012.03.23"]
[Round "4.48"]
[White "Nisipeanu,LD"]
[Black "Huschenbeth,N"]
[Result "1-0"]
[WhiteElo "2643"]
[BlackElo "2509"]

1.d4 Nf6 2.c4 e6 3.Nf3 b6 4.g3 Bb7 5.Bg2 c5 6.d5 exd5 7.Nh4 g6 8.Nc3 Bg7
9.Bg5 h6 10.Bxf6 Bxf6 11.Nb5 Be7 12.Bxd5 Bxd5 13.Qxd5 Nc6 14.O-O-O a6 15.Nc3 Ra7
16.Qe4 Kf8 17.Nd5 Kg7 18.Nxe7 Qxe7 19.Qxe7 Nxe7 20.Rd2 b5 21.Rhd1 Rd8 22.Ng2 Nf5
23.e3 Ne7 24.Nf4 Rc7 25.Nd5 Nxd5 26.Rxd5 bxc4 27.Kc2 Kf8 28.Kc3 Ke7 29.Re5+ Kf6
30.Red5 Ke7 31.Rd6 a5 32.e4 Rb8 33.Ra6 Rcb7 34.Rd2 Rb5 35.e5 R8b7 36.g4 R7b6
37.Ra7 Rb7 38.Ra6 R7b6 39.Ra7 Rb7 40.Rxb7 Rxb7 41.Rd5 Rb5 42.Rd6 a4 43.Ra6 g5
44.Rxa4 Ke6 45.Ra7 Rb8 46.h3 Rb6 47.Rc7 Rb5 48.f3 Ra5 49.a3 Rb5 50.Kxc4 Rxb2
51.Rxc5 Rc2+ 52.Kb4 Rb2+ 53.Kc4 Rc2+ 54.Kb4 Rb2+ 55.Ka5 Rb3 56.a4 Rxf3 57.Kb6 Rxh3
58.a5 d6 59.exd6 Kxd6 60.a6 Ra3 61.Rb5 h5 62.gxh5 g4 63.h6 g3 64.Rb2 g2 65.Rxg2 Rb3+
66.Ka5 Rh3 67.a7 Kc7 68.Rg8  1-0

[Event "13th EICC"]
[Site "Plovdiv BUL"]
[Date "2012.03.25"]
[Round "6.33"]
[White "Gabrielian,A"]
[Black "Nisipeanu,LD"]
[Result "1/2-1/2"]
[WhiteElo "2554"]
[BlackElo "2643"]

1.e4 c6 2.d4 d5 3.Nc3 dxe4 4.Nxe4 Bf5 5.Ng3 Bg6 6.Nf3 Nd7 7.h4 h6 8.h5 Bh7
9.Bd3 Bxd3 10.Qxd3 e6 11.Bd2 Ngf6 12.O-O-O Be7 13.Qe2 Qb6 14.Ne5 Nxe5 15.dxe5 Nd7
16.f4 O-O-O 17.Ne4 Nc5 18.Be3 Qa5 19.Bxc5 Bxc5 20.Kb1 Kc7 21.g4 Rxd1+ 22.Rxd1 Rd8
23.Rxd8 Kxd8 24.Qd3+ Ke8 25.c3 Be7 26.Nd6+ Bxd6 27.Qxd6 Qd5 28.Qb8+ Qd8 29.Qxd8+ Kxd8
30.Kc2 Ke7 31.Kd3 g6 32.Kd4 gxh5 33.gxh5 b6 34.b4 Kd7 35.a4 Kc7 36.c4 Kb7
37.b5 c5+ 38.Ke4 a5 39.Ke3 Ka8 40.Ke4 Kb7  1/2-1/2

[Event "13th EICC"]
[Site "Plovdiv BUL"]
[Date "2012.03.27"]
[Round "7.30"]
[White "Nisipeanu,LD"]
[Black "Prohaszka,P2"]
[Result "1-0"]
[WhiteElo "2643"]
[BlackElo "2553"]

1.e4 e5 2.Nf3 Nc6 3.Bb5 Nf6 4.d3 Bc5 5.c3 O-O 6.Nbd2 d6 7.h3 a6 8.Ba4 b5
9.Bc2 Re8 10.O-O Bb6 11.Re1 h6 12.Nf1 d5 13.exd5 Qxd5 14.Ng3 Bb7 15.Bd2 Rad8
16.Qc1 Qc5 17.Re2 Ne7 18.Nxe5 Nf5 19.Nxf5 Rxe5 20.d4 Qc6 21.Ne3 Rh5 22.Qf1 Qd7
23.Rae1 c5 24.Ng4 cxd4 25.Nxf6+ gxf6 26.Re7 Qc8 27.Qd3 f5 28.Qg3+ Kf8 29.Bb3 Bd5
30.Qe5  1-0

[Event "13th EICC"]
[Site "Plovdiv BUL"]
[Date "2012.03.29"]
[Round "9.17"]
[White "Nisipeanu,LD"]
[Black "Areshchenko,A"]
[Result "1-0"]
[WhiteElo "2643"]
[BlackElo "2688"]

1.d4 Nf6 2.c4 g6 3.Nc3 d5 4.Bg5 Ne4 5.Bh4 Nxc3 6.bxc3 dxc4 7.e3 Be6 8.Nf3 Bg7
9.Be2 O-O 10.O-O c5 11.Rb1 b6 12.Ng5 Bd5 13.e4 h6 14.exd5 hxg5 15.Bxg5 cxd4
16.cxd4 Qd6 17.Bxc4 Nd7 18.Re1 Nf6 19.Qf3 a6 20.Bf4 Qd8 21.a4 Ra7 22.h4 Qd7
23.Rxb6 Qxa4 24.Rc6 Rd7 25.Be5 Rfd8 26.d6 Qb4 27.Rc1 Rxd6 28.Bxd6 Rxd6 29.Rc8+ Bf8
30.Qe3 Kg7 31.Rxf8  1-0

[Event "13th EICC"]
[Site "Plovdiv BUL"]
[Date "2012.03.31"]
[Round "11.24"]
[White "Nisipeanu,LD"]
[Black "Azaladze,S"]
[Result "1-0"]
[WhiteElo "2643"]
[BlackElo "2419"]

1.e4 g6 2.d4 Bg7 3.Nc3 c6 4.f4 d6 5.Nf3 Bg4 6.Be3 Qb6 7.Qd2 Bxf3 8.gxf3 Nf6
9.O-O-O Qa5 10.Kb1 Nbd7 11.e5 Nh5 12.Bh3 Nb6 13.Qd3 Bh6 14.exd6 exd6 15.f5 Bg7
16.Qe4+ Kf8 17.Rhe1 d5 18.Qh4 Nc4 19.Bc1 Qb4 20.Ka1 Bf6 21.Qf2 a5 22.Ne4 dxe4
23.fxe4 a4 24.c3 Qa5 25.e5 Nxe5 26.dxe5 Bxe5 27.Bh6+ Kg8 28.Qe3 Re8 29.Qxe5 Rxe5
30.Rxe5 Qa8 31.a3 Nf6 32.Re7 b5 33.Bg2 Ng4 34.Bxc6 Qc8 35.Rde1 Nxh6 36.f6  1-0

[Event "14th Dubai Open 2012"]
[Site "Dubai UAE"]
[Date "2012.04.15"]
[Round "1.7"]
[White "Nisipeanu,LD"]
[Black "Somoff,A"]
[Result "1-0"]
[WhiteElo "2643"]
[BlackElo "2181"]

1.d4 Nf6 2.c4 d6 3.Nf3 g6 4.Nc3 Bg7 5.e4 O-O 6.h3 c6 7.Be3 Qa5 8.Nd2 e5 9.d5 cxd5
10.cxd5 Qd8 11.g4 b6 12.a3 a6 13.Nc4 Nbd7 14.Nxd6 b5 15.a4 b4 16.Ne2 Qe7
17.Nxc8 Rfxc8 18.Ng3 Nc5 19.Bg2 Ne8 20.Rc1 Bf8 21.g5 Rc7 22.h4 Rac8 23.O-O Qd7
24.b3 Bd6 25.Kh2 Rd8 26.Bh3 Qe7 27.Rc4 a5 28.Qc2 Na6 29.Rc1 h6 30.Rxc7 Bxc7
31.Qc6 Rd6 32.Qb7 hxg5 33.hxg5 Kf8 34.Qa7 Qd8 35.Bf1 Bb6 36.Bxb6 Qxb6 37.Qxb6 Rxb6
38.Bxa6 Rxa6 39.Nf1 Ra7 40.Ne3 Nd6 41.f3  1-0

[Event "14th Dubai Open 2012"]
[Site "Dubai UAE"]
[Date "2012.04.16"]
[Round "2.6"]
[White "Roy Chowdhury,S"]
[Black "Nisipeanu,LD"]
[Result "1/2-1/2"]
[WhiteElo "2405"]
[BlackElo "2643"]

1.e4 c6 2.d4 d5 3.Nc3 dxe4 4.Nxe4 Bf5 5.Ng3 Bg6 6.h4 h6 7.Nf3 e6 8.h5 Bh7
9.Bd3 Bxd3 10.Qxd3 Nf6 11.Bd2 c5 12.Ne4 Nc6 13.dxc5 Qxd3 14.cxd3 Nxe4 15.dxe4 Bxc5
16.Ke2 O-O 17.Rac1 Bb6 18.Bc3 f5 19.exf5 Rxf5 20.Rcd1 e5 21.Rd7 Re8 22.Rxb7 e4
23.Rxg7+ Kf8 24.Nh4 Rxf2+ 25.Ke1 Ne5 26.Rb7 Nd3+ 27.Kd1 Rc8 28.Ng6+ Ke8 29.Re7+ Kd8
30.Rxe4 Nxb2+ 31.Bxb2 Rxb2 32.Rh3 Rb1+ 33.Kd2 Rb2+ 34.Kd1 Rb1+ 35.Kd2 Ba5+
36.Ke3 Rc2 37.Kf4 Bc7+ 38.Kf5 Rxg2 39.Kf6 Rxa2 40.Kg7 Rg2 41.Kxh6 a5 42.Rd3+ Kc8
43.Rc3 Rd1 44.Re6 Rd4 45.Ne5 Rd8 46.Ng6 Kb8 47.Rc4 Rd7 48.Ne5 Bxe5 49.Rxe5 Rd6+
50.Kh7 Rd7+  1/2-1/2

[Event "14th Dubai Open 2012"]
[Site "Dubai UAE"]
[Date "2012.04.18"]
[Round "4.6"]
[White "Shyam,SM"]
[Black "Nisipeanu,LD"]
[Result "1-0"]
[WhiteElo "2474"]
[BlackElo "2643"]

1.d4 Nf6 2.c4 c5 3.d5 e5 4.Nc3 d6 5.e4 Nbd7 6.Bd3 Be7 7.Nge2 h5 8.h4 a6 9.a4 b6
10.g3 g6 11.f3 Kf8 12.Kf1 Kg8 13.Kg2 Bf8 14.Ng1 Bh6 15.Bxh6 Rxh6 16.Qd2 Rh8
17.Nd1 Rb8 18.Nf2 Kg7 19.Ne2 Qe7 20.Qg5 Nf8 21.Nc3 Bd7 22.Rab1 N8h7 23.Qe3 a5
24.b3 Rbg8 25.Rbe1 Kf8 26.f4 Ng4 27.Nxg4 Bxg4 28.Ref1 Nf6 29.fxe5 Qxe5 30.Qf4 Qxc3
31.Qxf6 Qxf6 32.Rxf6 Ke7 33.Rhf1 Rf8 34.e5 dxe5 35.d6+ Kd7 36.Bxg6 Be6 37.Bxf7 Bxf7
38.Rxf7+ Rxf7 39.Rxf7+ Ke6 40.Rb7 Rf8 41.Rh7 Kxd6 42.Rh6+ Ke7 43.Rxh5 Ke6
44.Rh6+ Kd7 45.Rg6 e4 46.Rg4 e3 47.Re4 Rf2+ 48.Kh3 e2 49.h5 Kd6 50.Kg4  1-0

[Event "14th Dubai Open 2012"]
[Site "Dubai UAE"]
[Date "2012.04.19"]
[Round "5.19"]
[White "Nisipeanu,LD"]
[Black "Ankit,R"]
[Result "1/2-1/2"]
[WhiteElo "2643"]
[BlackElo "2399"]

1.d4 d5 2.c4 c6 3.Nf3 Nf6 4.e3 Bf5 5.Nc3 e6 6.Nh4 Be4 7.f3 Bg6 8.Qb3 Qc7
9.Bd2 Be7 10.Nxg6 hxg6 11.O-O-O a6 12.cxd5 cxd5 13.Kb1 Nc6 14.Rc1 O-O 15.Na4 b5
16.Nc5 Na5 17.Bxa5 Qxa5 18.Be2 Rfc8 19.Rc2 Bxc5 20.Rhc1 Nd7 21.dxc5 Rc6 22.a3 Rac8
23.Qb4 Qc7 24.Qd4 Qxh2 25.f4 Qh4 26.g4 Rxc5 27.Rxc5 Rxc5 28.Rxc5 Nxc5 29.Bxb5 Qe1+
30.Ka2 Qc1  1/2-1/2

[Event "14th Dubai Open 2012"]
[Site "Dubai UAE"]
[Date "2012.04.21"]
[Round "6.24"]
[White "Das,Say"]
[Black "Nisipeanu,LD"]
[Result "0-1"]
[WhiteElo "2250"]
[BlackElo "2643"]

1.e4 c6 2.d4 d5 3.Nc3 dxe4 4.Nxe4 Nf6 5.Ng3 h5 6.Bc4 h4 7.N3e2 Bf5 8.c3 e6
9.h3 Be4 10.f3 Bf5 11.Bd3 Bxd3 12.Qxd3 Nbd7 13.f4 Nc5 14.Qc2 Qd5 15.Nf3 Qe4
16.Qxe4 Ncxe4 17.Be3 Rh5 18.a4 Nd5 19.Bf2 Nxf2 20.Kxf2 Bd6 21.Ne5 Rf5 22.Rhf1 Nxf4
23.Nxf4 Rxf4+ 24.Ke3 Rxf1 25.Rxf1 f6 26.Ng6 Bg3 27.Nf4 Kf7 28.Nd3 a5 29.Nc5 Bc7
30.Rb1 b6 31.Nd3 Bd6 32.b3 g5 33.Nb2 f5 34.Nc4 Bc7 35.b4 axb4 36.Rxb4 Ra6
37.Kd3 Kf6 38.Nd2 Bd6 39.Rb1 Bc7 40.Rb4 c5 41.Rc4 Bd6 42.Nb3 e5 43.dxc5 e4+
44.Ke3 Bxc5+ 45.Nxc5 bxc5 46.Rxc5 Rxa4 47.Rc6+ Ke5 48.Rc5+ Ke6 49.Rb5 f4+
50.Ke2 Ra2+ 51.Kf1 Kf6 52.Rb6+ Kf5 53.Rb5+ Kg6 54.Rb6+ Kh5 55.Rb5 e3 56.Rc5 Ra1+
57.Ke2 Rg1 58.Kf3 Rf1+ 59.Ke2 Rf2+  0-1

[Event "14th Dubai Open 2012"]
[Site "Dubai UAE"]
[Date "2012.04.21"]
[Round "7.13"]
[White "Nisipeanu,LD"]
[Black "Swapnil,SD"]
[Result "1-0"]
[WhiteElo "2643"]
[BlackElo "2426"]

1.d4 Nf6 2.c4 e6 3.Nf3 d5 4.Nc3 dxc4 5.e3 a6 6.a4 c5 7.Bxc4 Nc6 8.O-O Be7
9.dxc5 Qxd1 10.Rxd1 Bxc5 11.b3 Bd7 12.Bb2 Na5 13.Ne5 Bc6 14.Nxc6 Nxc6 15.Bd3 Ke7
16.Ne4 Bb4 17.Nxf6 gxf6 18.Be4 Rac8 19.h3 h6 20.g4 Rhd8 21.Rxd8 Rxd8 22.Rc1 Rd2
23.Rc2 Rxc2 24.Bxc2 Bd6 25.f4 Bc5 26.Kf2 Nb4 27.Be4 b6 28.Ke2 a5 29.h4 Bd6
30.Bd4 Bc5 31.Bc3 Bd6 32.h5 e5 33.Bd2 Kf8 34.Bb7 Kg7 35.Kf3 Nd3 36.Ba6 Nc5
37.Bc4 Kf8 38.Bc1 Bc7 39.fxe5 Bxe5 40.e4 Kg7 41.Be3 Bd6 42.Bd5 Nd7 43.Ke2 Bc5
44.Bb7 Ne5 45.Bc8 Bxe3 46.Kxe3 Kf8 47.Kd4 Ke7 48.Kd5 Kd8 49.Bf5 Ke7 50.Bc8 Kd8
51.Ba6 Ke7 52.Be2 Kd7 53.g5 hxg5 54.h6 Ng6 55.h7 Nf4+ 56.Kc4 Ng6 57.Bh5 Nh8
58.Kd5 Kc7 59.Bg4 Ng6 60.Bf5 Nh8 61.e5 fxe5 62.Kxe5 Kc6 63.Kf6 Kd6 64.Kg7 Ke7
65.Kxh8 Kf8 66.Bg4 f6 67.Be6  1-0

[Event "14th Dubai Open 2012"]
[Site "Dubai UAE"]
[Date "2012.04.22"]
[Round "8.8"]
[White "Hovhannisyan,R"]
[Black "Nisipeanu,LD"]
[Result "1-0"]
[WhiteElo "2600"]
[BlackElo "2643"]

1.e4 e5 2.Nf3 Nc6 3.Bb5 f5 4.d3 fxe4 5.dxe4 Nf6 6.O-O d6 7.Bc4 Bg4 8.h3 Bh5
9.Nc3 Qd7 10.Be3 Be7 11.a4 a6 12.Re1 Nb4 13.g4 Bxg4 14.hxg4 Qxg4+ 15.Kf1 Nxc2
16.Qxc2 Qxf3 17.Qd1 Qh3+ 18.Ke2 c6 19.Qb3 d5 20.exd5 Qg4+ 21.Kd2 cxd5 22.Qxb7 Qxc4
23.Qxa8+ Kf7 24.Qxh8 Ne4+ 25.Kc2 Nxc3 26.bxc3 Bb4 27.Bd4  1-0

[Event "23rd Czech Open A"]
[Site "Pardubice CZE"]
[Date "2012.07.20"]
[Round "1"]
[White "Nisipeanu,LD"]
[Black "Adamek,J"]
[Result "1-0"]
[WhiteElo "2648"]
[BlackElo "2311"]

1.e4 e6 2.d4 d5 3.Nc3 Bb4 4.e5 Ne7 5.a3 Bxc3+ 6.bxc3 b6 7.h4 Ba6 8.Bxa6 Nxa6
9.h5 h6 10.Qg4 Nf5 11.Ne2 Qd7 12.Ng3 Rg8 13.Nxf5 exf5 14.Qe2 Nb8 15.Rh3 Nc6
16.Qd3 O-O-O 17.Rf3 Ne7 18.a4 Kb8 19.a5 g5 20.hxg6 fxg6 21.Rh3 h5 22.Bg5 Rde8
23.axb6 cxb6 24.c4 dxc4 25.Qxc4 Nd5 26.Rha3 Rc8 27.Qb3 Rc3 28.Qb2 Rxa3 29.Qxa3 a5
30.Qb3 Rc8 31.Rxa5  1-0

[Event "23rd Czech Open A"]
[Site "Pardubice CZE"]
[Date "2012.07.21"]
[Round "2.1"]
[White "Dann,M"]
[Black "Nisipeanu,LD"]
[Result "0-1"]
[WhiteElo "2428"]
[BlackElo "2648"]

1.e4 e5 2.Nf3 Nc6 3.Bb5 a6 4.Bxc6 dxc6 5.O-O Bg4 6.h3 Bh5 7.d3 f6 8.Be3 Bd6
9.Nbd2 c5 10.c3 Ne7 11.Qc2 Nc6 12.Rfe1 Qd7 13.Nh4 O-O 14.Nf1 Rfd8 15.g4 Bf7
16.Ng3 c4 17.dxc4 Bxc4 18.b3 Be6 19.Rad1 Qf7 20.Kg2 a5 21.Nf3 a4 22.c4 Be7
23.Rxd8+ Rxd8 24.Rd1 Rxd1 25.Qxd1 Bf8 26.Qb1 Qd7 27.Nf5 Nb4 28.Ne1 a3 29.Ng3 b5
30.cxb5 Qxb5 31.g5 fxg5 32.Bxg5 c5 33.Bc1 Qa6 34.Nf3 Nd3 35.Ng5 Bc8 36.Kg1 c4
37.Qc2 h6 38.bxc4 Nxc1 39.Nf3 Nxa2 40.Qxa2 Be6 41.Nxe5 Bd6 42.Qa1 a2 43.Ng4 Bxg4
44.hxg4 Be5  0-1

[Event "23rd Czech Open A"]
[Site "Pardubice CZE"]
[Date "2012.07.23"]
[Round "4.1"]
[White "Gavrilov,Al1"]
[Black "Nisipeanu,LD"]
[Result "1/2-1/2"]
[WhiteElo "2498"]
[BlackElo "2648"]

1.e4 c5 2.Nf3 g6 3.d4 cxd4 4.Qxd4 Nf6 5.e5 Nc6 6.Qa4 Nd5 7.Qe4 e6 8.Bc4 d6
9.O-O dxe5 10.Nxe5 Bg7 11.Nxc6 bxc6 12.Bb3 O-O 13.c4 Ne7 14.Nc3 Nf5 15.Rd1 Qe7
16.Qxc6 Bb7 17.Qd7 Qxd7 18.Rxd7 Bc6 19.Rd1 Rfc8  1/2-1/2

[Event "23rd Czech Open A"]
[Site "Pardubice CZE"]
[Date "2012.07.24"]
[Round "5.2"]
[White "Nisipeanu,LD"]
[Black "Stupak,K"]
[Result "1/2-1/2"]
[WhiteElo "2648"]
[BlackElo "2512"]

1.Nf3 Nf6 2.c4 c6 3.d4 d5 4.e3 Bf5 5.Nc3 e6 6.Nh4 Be4 7.f3 Bg6 8.Qb3 Qc7
9.Bd2 Nbd7 10.cxd5 exd5 11.O-O-O Bd6 12.Nxg6 hxg6 13.Kb1 Nb6 14.e4 dxe4 15.fxe4 Bf4
16.Be1 O-O 17.g3 Bh6 18.Be2 c5 19.e5 cxd4 20.exf6 dxc3 21.Bxc3 gxf6 22.h4 Rad8
23.Bxf6 Rxd1+ 24.Rxd1 Bg7 25.Bxg7 Kxg7 26.Qe3 Rc8 27.h5 Nd5 28.Qd2 Nf6 29.hxg6 fxg6
30.g4 Re8 31.g5 Ne4 32.Qd4+ Qe5 33.Bf3  1/2-1/2

[Event "23rd Czech Open A"]
[Site "Pardubice CZE"]
[Date "2012.07.25"]
[Round "6.2"]
[White "Khusnutdinov,R"]
[Black "Nisipeanu,LD"]
[Result "1/2-1/2"]
[WhiteElo "2503"]
[BlackElo "2648"]

1.d4 d5 2.c4 e6 3.Nc3 c5 4.cxd5 exd5 5.Nf3 Nc6 6.g3 Nf6 7.Bg2 Be7 8.O-O O-O
9.dxc5 Bxc5 10.Bg5 d4 11.Bxf6 Qxf6 12.Nd5 Qd8 13.Nd2 a6 14.Rc1 Ba7 15.Ne4 Kh8
16.Nf4 Qe7 17.Nd3 Bf5 18.Nec5 Rac8 19.Qd2 Rfe8 20.Rfe1 Nd8 21.b4 a5  1/2-1/2

[Event "23rd Czech Open A"]
[Site "Pardubice CZE"]
[Date "2012.07.26"]
[Round "7.4"]
[White "Nisipeanu,LD"]
[Black "Andreev,Ed UKR"]
[Result "1-0"]
[WhiteElo "2648"]
[BlackElo "2498"]

1.d4 Nf6 2.c4 e6 3.Nc3 Bb4 4.e3 c5 5.Ne2 b6 6.a3 Ba5 7.Rb1 Na6 8.g3 Bb7 9.d5 b5
10.Bg2 bxc4 11.O-O O-O 12.e4 exd5 13.e5 Ng4 14.Bxd5 Bc6 15.f4 Nc7 16.Bxc6 dxc6
17.Qxd8 Raxd8 18.h3 Nh6 19.f5 Rd3 20.f6 Re8 21.fxg7 Bxc3 22.bxc3 Rxe5 23.Bxh6 Rxe2
24.Rxf7 Rxg3+ 25.Kf1 Kxf7 26.Kxe2 Nd5 27.Rb8 Ne7 28.h4 Rg6 29.Bg5 Rxg7 30.Rb7 Ke6
31.Rxa7 Nf5 32.Rxg7 Nxg7 33.a4 Kd7 34.Kf3 Kc7 35.Bf6 Ne6 36.Kg4 Kb7 37.Kh5 Ka6
38.Kh6 Ka5 39.Kxh7 Nf4 40.Be5 Nd3 41.Bf6 Nf4 42.Kh6 Kxa4 43.Kg5 Nd5 44.Be5 Kb3
45.h5 Nxc3 46.h6 Nd5 47.h7 c3 48.h8=Q c2 49.Qb8+ Nb4 50.Bf4 c4 51.Bc1 c5
52.Qa7  1-0

[Event "14th Sants Open A"]
[Site "Barcelona ESP"]
[Date "2012.08.17"]
[Round "1.1"]
[White "Alm,C"]
[Black "Nisipeanu,LD"]
[Result "0-1"]
[WhiteElo "2120"]
[BlackElo "2648"]

1.b4 e5 2.Bb2 Bxb4 3.Bxe5 Nf6 4.c4 O-O 5.a3 Ba5 6.e3 Re8 7.Nf3 c5 8.Be2 Nc6
9.Bb2 d5 10.cxd5 Nxd5 11.O-O Bf5 12.Qb3 Qd6 13.Bc4 Rad8 14.Nc3 Bxc3 15.Bxc3 Re7
16.Rfc1 Bg4 17.Bf1 b6 18.Bb2 Bxf3 19.gxf3 Ne5 20.Bxe5 Rxe5 21.f4 Re6 22.Qd1 Rg6+
23.Bg2 Ne7 24.Qf1 Nf5 25.Kh1 Nh4 26.Be4 f5 27.Qh3 Qf6 28.Bf3 Rxd2 29.Rd1 Nxf3
30.Qxf3 Qc6 31.Qxc6 Rxd1+ 32.Rxd1 Rxc6 33.Rd8+ Kf7 34.Rd7+ Ke6 35.Rxg7 c4
36.Rg1 c3 37.Kg2 Kd5 38.Kf3 c2 39.Rc1 Rc3  0-1

[Event "14th Sants Open A"]
[Site "Barcelona ESP"]
[Date "2012.08.18"]
[Round "2.1"]
[White "Nisipeanu,LD"]
[Black "Pettersson,Anders1"]
[Result "1-0"]
[WhiteElo "2648"]
[BlackElo "2282"]

1.e4 c5 2.Nf3 g6 3.d4 cxd4 4.Qxd4 Nf6 5.e5 Nc6 6.Qa4 Nd5 7.Qe4 Nb6 8.Nc3 d5
9.exd6 Bf5 10.Qh4 Bxc2 11.Nd4 Bf5 12.Nxf5 gxf5 13.dxe7 Bxe7 14.Qh3 Qd6 15.Be2 Nd4
16.O-O O-O-O 17.Be3 Kb8 18.Bxd4 Qxd4 19.Qxf5 Qf6 20.Qxf6 Bxf6 21.Rad1 Rc8
22.Rd3 Bg7 23.Rf3 Rhf8 24.Rd1 Be5 25.g3 f6 26.Kg2 a5 27.Nd5 Nxd5 28.Rxd5 Rfd8
29.Rxa5 Rd2 30.Bd3 Rxb2 31.Bxh7 Rd8 32.a4 Rdd2 33.h4 Ra2 34.Bg8 Ra1 35.Bb3 Rb2
36.Rb5 Rbb1 37.Kh3 Kc7 38.Kg4 b6 39.Rd3 Rg1 40.f4  1-0

[Event "14th Sants Open A"]
[Site "Barcelona ESP"]
[Date "2012.08.19"]
[Round "3.1"]
[White "Pogorelov,R"]
[Black "Nisipeanu,LD"]
[Result "1/2-1/2"]
[WhiteElo "2405"]
[BlackElo "2648"]

1.Nf3 g6 2.c4 Bg7 3.d4 d6 4.e4 e5 5.Nc3 Nc6 6.d5 Nd4 7.Nxd4 exd4 8.Nb5 Nf6
9.Bd3 O-O 10.O-O Re8 11.Re1 Ng4 12.h3 a6 13.hxg4 axb5 14.cxb5 Qh4 15.g3 Qxg4
16.Qxg4 Bxg4 17.Kg2 f5 18.a4 fxe4 19.Rxe4 Rxe4 20.Bxe4 Be2 21.Bf4 Bxb5 22.Rc1 Bxa4
23.Rxc7 Re8 24.f3 Be5 25.Bxe5 Rxe5 26.Rc4 Bb3 27.Rxd4 b5 28.Kf2 Kg7 29.Ke3 Bc4  1/2-1/2

[Event "14th Sants Open A"]
[Site "Barcelona ESP"]
[Date "2012.08.20"]
[Round "4.11"]
[White "Nisipeanu,LD"]
[Black "Berger,Stev"]
[Result "1-0"]
[WhiteElo "2648"]
[BlackElo "2412"]

1.d4 e6 2.c4 Nf6 3.Nc3 Bb4 4.e3 b6 5.Ne2 Ba6 6.a3 Bxc3+ 7.Nxc3 d5 8.b3 Nc6
9.Be2 O-O 10.a4 dxc4 11.Ba3 Re8 12.b4 Bb7 13.Bxc4 e5 14.d5 Ne7 15.Qb3 Nf5
16.Bb5 Re7 17.Rd1 Nd6 18.Bc6 Rb8 19.Bxb7 Rxb7 20.b5 Nd7 21.Qc2 f5 22.Bxd6 cxd6
23.Qxf5 Rf7 24.Qg4 Nf6 25.Qb4 Rbc7 26.O-O Rc5 27.Ne4 Nxe4 28.Qxe4 Qc8 29.Qb4 Rf6
30.Qd2 Rg6 31.g3 Rg4 32.f4 exf4 33.exf4 h5 34.Qe3 h4 35.Qe6+ Kh7 36.Kg2 Rg6
37.Qxc8 Rxc8 38.Rc1 Rc5 39.Rxc5 dxc5 40.Rd1 Rd6 41.g4 g5 42.Kf3  1-0

[Event "14th Sants Open A"]
[Site "Barcelona ESP"]
[Date "2012.08.22"]
[Round "6.2"]
[White "Nisipeanu,LD"]
[Black "Laxman,R"]
[Result "1-0"]
[WhiteElo "2648"]
[BlackElo "2428"]

1.e4 e5 2.Nf3 Nf6 3.Nxe5 d6 4.Nf3 Nxe4 5.d4 d5 6.Bd3 Nc6 7.O-O Be7 8.Nc3 Bf5
9.Re1 Nxc3 10.bxc3 Bxd3 11.Qxd3 O-O 12.Re2 Qd7 13.Bf4 a6 14.Rae1 Bf6 15.h3 Ne7
16.g4 Ng6 17.Bg3 Rfc8 18.Ne5 Qa4 19.Nxg6 hxg6 20.h4 Rf8 21.g5 Bd8 22.Qf3 Qd7
23.c4 c6 24.c5 b5 25.Bd6 Ba5 26.Re7 Qf5 27.Qxf5 gxf5 28.R1e3 g6 29.c3 b4  1-0

[Event "14th Sants Open A"]
[Site "Barcelona ESP"]
[Date "2012.08.24"]
[Round "8.1"]
[White "Nisipeanu,LD"]
[Black "Gajewski,G"]
[Result "1/2-1/2"]
[WhiteElo "2648"]
[BlackElo "2628"]

1.d4 Nf6 2.c4 e6 3.Nf3 Be7 4.Nc3 O-O 5.e4 d5 6.e5 Ne4 7.Bd3 Nxc3 8.bxc3 dxc4
9.Bb1 c5 10.h4 Qa5 11.Qc2 g6 12.Kf1 cxd4 13.cxd4 Nc6 14.h5 Bd7 15.hxg6 fxg6
16.Rxh7 Rf5 17.Rh6 Raf8 18.Be3 Kf7 19.Qxc4 Nxe5 20.Nxe5+ Rxe5 21.Bxg6+ Kg7
22.Qc2 Rxe3 23.Rh7+ Kf6 24.fxe3 Qg5 25.Kg1 Qxe3+ 26.Kh1 Bb5 27.Qc7 Kxg6 28.Qxe7 Qxd4
29.Re1 Bc4 30.Rh3 Rh8 31.Qa3 Qf2 32.Rg1  1/2-1/2

[Event "14th Sants Open A"]
[Site "Barcelona ESP"]
[Date "2012.08.25"]
[Round "9.1"]
[White "Cordova,E"]
[Black "Nisipeanu,LD"]
[Result "1-0"]
[WhiteElo "2572"]
[BlackElo "2648"]

1.d4 Nf6 2.Nf3 c5 3.e3 g6 4.Be2 Bg7 5.O-O cxd4 6.exd4 d5 7.Re1 O-O 8.Nbd2 Nc6
9.c3 Qc7 10.Nf1 Bg4 11.h3 Bxf3 12.Bxf3 b5 13.Bg5 e6 14.Rc1 Rac8 15.Qd2 Na5
16.b3 Nb7 17.Ng3 Nd6 18.Bf4 Qb6 19.h4 Nf5 20.h5 Nxg3 21.Bxg3 Nd7 22.Bf4 Rc6
23.hxg6 hxg6 24.g3 Rfc8 25.Kg2 b4 26.cxb4 Rxc1 27.Rxc1 Rxc1 28.Qxc1 Qxb4
29.Qc7 Nb6 30.Bd6 Qd2 31.Bc5 Qxa2 32.Qd8+ Kh7 33.Qh4+ Kg8 34.Qe7 Qxb3 35.Qe8+ Kh7
36.Qxf7 Qd3 37.Qxe6 Bxd4 38.Bxd5 Kh6  1-0

[Event "16th OIBM 2012"]
[Site "Bad Wiessee GER"]
[Date "2012.10.27"]
[Round "1.2"]
[White "Wernet,Andreas"]
[Black "Nisipeanu,LD"]
[Result "0-1"]
[WhiteElo "1984"]
[BlackElo "2661"]

1.e4 c5 2.g3 d5 3.Bg2 dxe4 4.Bxe4 Nf6 5.Bg2 Nc6 6.Nf3 g6 7.Nc3 Bg7 8.d3 O-O
9.O-O b5 10.Bf4 Bb7 11.Qd2 Qd7 12.Bh6 Nd4 13.Ne5 Bxh6 14.Qxh6 Qc7 15.Bxb7 Qxb7
16.Rac1 Rad8 17.Qe3 Nd5 18.Nxd5 Qxd5 19.c3 Qxe5 20.cxd4 Qxd4 21.Qxe7 Rd7
22.Qe2 Qxd3 23.Qxd3 Rxd3 24.Rfd1 Rfd8 25.Rxd3 Rxd3 26.Rc2 Kf8 27.Kf1 Ke7
28.Ke1 Kd6 29.Re2 Rd5 30.Rc2 b4 31.b3 Rd4 32.f3 c4 33.Ke2 Kc5 34.Ke3 Rd3+
35.Ke4 f5+ 36.Kf4 c3 37.a3 Kd4 38.Re2 Rd2 39.Re5 c2  0-1

[Event "16th OIBM 2012"]
[Site "Bad Wiessee GER"]
[Date "2012.10.28"]
[Round "2.2"]
[White "Nisipeanu,LD"]
[Black "Burchert,W"]
[Result "1-0"]
[WhiteElo "2661"]
[BlackElo "2162"]

1.e4 c5 2.Nf3 e6 3.d4 cxd4 4.Nxd4 Nf6 5.Nc3 Nc6 6.Ndb5 d6 7.Bf4 e5 8.Bg5 a6
9.Na3 b5 10.Nd5 Be7 11.Bxf6 Bxf6 12.c3 O-O 13.Nc2 Bg5 14.a4 bxa4 15.Rxa4 a5
16.Bc4 Rb8 17.b3 Ne7 18.Nxe7+ Bxe7 19.O-O Bd7 20.Ra2 Be6 21.Ne3 Qb6 22.Nd5 Bxd5
23.Qxd5 Bd8 24.Rfa1 Qb7 25.Qxd6 Bc7 26.Qe7 Qc6 27.Rd1 Rbe8 28.Qd7 Qxd7 29.Rxd7 Bb6
30.Rb7 Bd8 31.Rd2  1-0

[Event "16th OIBM 2012"]
[Site "Bad Wiessee GER"]
[Date "2012.10.29"]
[Round "3.2"]
[White "Bartsch,B"]
[Black "Nisipeanu,LD"]
[Result "0-1"]
[WhiteElo "2242"]
[BlackElo "2661"]

1.e4 c5 2.Nc3 Nc6 3.g3 g6 4.Bg2 Bg7 5.d3 d6 6.f4 e5 7.Nf3 Nge7 8.O-O Nd4
9.h3 O-O 10.Be3 exf4 11.gxf4 f5 12.e5 Nec6 13.Ng5 dxe5 14.Bd5+ Kh8 15.Nf7+ Rxf7
16.Bxf7 Qh4 17.Kg2 Bd7 18.Ne2 Nb4 19.Nxd4 cxd4 20.Bd2 exf4 21.Bxf4 Bc6+ 22.Kh2 Qf6
23.Qd2 g5 24.Bxg5 Qxf7 25.Qxb4 Be5+ 26.Bf4 Qd5 27.Qd2 Rg8  0-1

[Event "16th OIBM 2012"]
[Site "Bad Wiessee GER"]
[Date "2012.10.30"]
[Round "4.2"]
[White "Nisipeanu,LD"]
[Black "Bromberger,S"]
[Result "1-0"]
[WhiteElo "2661"]
[BlackElo "2492"]

1.e4 e5 2.Nf3 Nc6 3.Bb5 Nf6 4.d3 Bc5 5.c3 O-O 6.O-O d6 7.Bg5 a6 8.Ba4 Ba7
9.Nbd2 Ne7 10.Bxf6 gxf6 11.Nh4 Ng6 12.Nf5 Bxf5 13.exf5 Ne7 14.Ne4 Kh8 15.Qh5 Qc8
16.g4 Rg8 17.Kh1 Nd5 18.Qxf7 Rxg4 19.Qxd5 Qxf5 20.Ng3  1-0

[Event "16th OIBM 2012"]
[Site "Bad Wiessee GER"]
[Date "2012.11.02"]
[Round "7.1"]
[White "Rozentalis,E"]
[Black "Nisipeanu,LD"]
[Result "1/2-1/2"]
[WhiteElo "2577"]
[BlackElo "2661"]

1.e4 e5 2.Nf3 Nc6 3.Bb5 f5 4.Nc3 fxe4 5.Nxe4 d5 6.Nxe5 dxe4 7.Nxc6 Qg5 8.Qe2 Nf6
9.f4 Qxf4 10.d4 Qd6 11.Ne5+ c6 12.Bc4 Be6  1/2-1/2

[Event "16th OIBM 2012"]
[Site "Bad Wiessee GER"]
[Date "2012.11.03"]
[Round "8.1"]
[White "Nisipeanu,LD"]
[Black "Landa,K"]
[Result "1/2-1/2"]
[WhiteElo "2661"]
[BlackElo "2641"]

1.d4 d5 2.c4 e6 3.Nc3 Be7 4.cxd5 exd5 5.Bf4 c6 6.Qc2 Bd6 7.Bxd6 Qxd6 8.e3 Ne7
9.Bd3 g6 10.Nf3 Bf5 11.Bxf5 Nxf5 12.O-O O-O 13.e4 dxe4 14.Nxe4 Qf4 15.d5 Nd6
16.Nxd6 Qxd6 17.Qb3 cxd5 18.Qxb7 Nc6 19.Rac1  1/2-1/2

[Event "17th Neckar Open"]
[Site "Deizisau GER"]
[Date "2013.03.28"]
[Round "1.4"]
[White "Rombach,M"]
[Black "Nisipeanu,LD"]
[Result "0-1"]
[WhiteElo "2115"]
[BlackElo "2677"]

1.d4 Nf6 2.Nf3 c5 3.e3 d5 4.c4 cxd4 5.exd4 g6 6.Nc3 Bg7 7.Bg5 O-O 8.Bxf6 Bxf6
9.Nxd5 Bg7 10.Ne3 Nc6 11.d5 Bxb2 12.dxc6 Qa5+ 13.Nd2 Rd8 14.Nd5 Bxa1 15.Qxa1 bxc6
16.Qc3 Rxd5 17.Qa1 Rd8  0-1